| 000 | 00472nam a22001577a 4500 | ||
|---|---|---|---|
| 999 |
_c17350 _d17350 |
||
| 008 | 181029b xxu||||| |||| 00| 0 eng d | ||
| 020 | _a0070240353 | ||
| 050 |
_aQA76.73 _b.C15G68 1996 c.1 |
||
| 100 | _aGottfried, Byron S. | ||
| 245 |
_aSchaum's Outline of Theory and problems of Programming with C _cByron S.Gottfried |
||
| 250 | _a2nd ed. | ||
| 260 |
_aNew Delhi _bMcGraw-Hill _c1996 |
||
| 300 | _avii, 532p. | ||
| 650 | _aComputer program language | ||
| 942 |
_2lcc _cBK |
||